[Event "Cafe Baroque International 2nd"]
[Site "London, Cafe Baroque"]
[Date "1994.03.09"]
[Round "1"]
[White "McDonald, Neil R"]
[Black "Sahl, Sheila Barth"]
[Result "1-0"]
[WhiteElo "2390"]
[BlackElo "2080"]
[PlyCount "45"]
[EventDate "1994.03.09"]
[EventType "tourn"]
[EventRounds "9"]
[EventCountry "ENG"]
[SourceTitle "BritBase"]
[Source "John Saunders"]
[SourceDate "2023.06.01"]
[SourceVersion "1"]
[SourceVersionDate "2023.06.01"]
[SourceQuality "1"]

1. e4 e6 2. d4 d5 3. Nc3 Bb4 4. Nge2 dxe4 5. a3 Be7 6. Nxe4 Nf6 7. Qd3 Nc6 8.
Bf4 O-O 9. O-O-O Nd5 10. h4 f5 11. N4c3 Nxf4 12. Nxf4 Bf6 13. d5 Ne7 14. Qc4
Qd6 15. dxe6 Qb6 16. Rh3 Qxf2 17. Rhd3 Be5 18. Nfd5 Bxe6 19. Rf3 Qg1 20. Nxe7+
Kf7 21. Nxf5 Bxc4 22. Bxc4+ Kg6 23. Rxg1 1-0

[Event "Cafe Baroque International 2nd"]
[Site "London, Cafe Baroque"]
[Date "1994.03.09"]
[Round "1"]
[White "McMahon, Daire"]
[Black "Carton, Niall"]
[Result "1-0"]
[WhiteElo "2235"]
[BlackElo "2265"]
[PlyCount "59"]
[EventDate "1994.03.09"]
[EventType "tourn"]
[EventRounds "9"]
[EventCountry "ENG"]
[SourceTitle "BritBase"]
[Source "John Saunders"]
[SourceDate "2023.06.01"]
[SourceVersion "1"]
[SourceVersionDate "2023.06.01"]
[SourceQuality "1"]

1. d4 e6 2. Nf3 Nf6 3. g3 d5 4. Bg2 c5 5. O-O Nc6 6. b3 cxd4 7. Nxd4 e5 8. Nxc6
bxc6 9. c4 Bb7 10. Bb2 Bd6 11. cxd5 cxd5 12. Nc3 e4 13. Nxd5 Nxd5 14. Bxe4 Nc3
15. Bxc3 Bxe4 16. Qd4 Qe7 17. Qa4+ Kf8 18. Rad1 Bc5 19. Rd4 Bb7 20. Rfd1 h5 21.
Rd7 Qe6 22. Rd8+ Rxd8 23. Rxd8+ Ke7 24. Rxh8 Bc6 25. Qh4+ f6 26. Bb4 Qd5 27.
Bxc5+ Qxc5 28. Qc4 Qd6 29. Qd3 Qc5 30. Qe3+ 1-0

[Event "Cafe Baroque International 2nd"]
[Site "London, Cafe Baroque"]
[Date "1994.03.09"]
[Round "1"]
[White "Morris, Philip"]
[Black "Summerscale, Aaron P"]
[Result "0-1"]
[WhiteElo "2390"]
[BlackElo "2410"]
[PlyCount "90"]
[EventDate "1994.03.09"]
[EventType "tourn"]
[EventRounds "9"]
[EventCountry "ENG"]
[SourceTitle "BritBase"]
[Source "John Saunders"]
[SourceDate "2023.06.01"]
[SourceVersion "1"]
[SourceVersionDate "2023.06.01"]
[SourceQuality "1"]

1. e4 c5 2. Nf3 d6 3. Nc3 Nf6 4. e5 dxe5 5. Nxe5 e6 6. Bb5+ Nbd7 7. Qf3 Bd6 8.
Bxd7+ Bxd7 9. Nxd7 Qxd7 10. d3 O-O 11. O-O Rad8 12. Bg5 Be7 13. Rfe1 Nd5 14.
Nxd5 Bxg5 15. Ne3 Bf6 16. c3 Qxd3 17. Qxb7 Rb8 18. Qxa7 Rxb2 19. Qxc5 Qxc3 20.
Qxc3 Bxc3 21. Red1 h5 22. a4 Ra8 23. Ra3 Bb4 24. Raa1 Bc5 25. Rd3 Bxe3 26. Rxe3
Rxa4 27. Ree1 Rxa1 28. Rxa1 h4 29. h3 Kh7 30. Ra7 f6 31. Rc7 e5 32. Ra7 Kh6 33.
Rc7 g6 34. Rc6 Kg5 35. Ra6 e4 36. Ra5+ f5 37. Ra1 Kf4 38. Re1 g5 39. Rf1 g4 40.
Kh2 Ra2 41. hxg4 fxg4 42. Kh1 h3 43. gxh3 gxh3 44. Kh2 e3 45. Kxh3 e2 0-1

[Event "Cafe Baroque International 2nd"]
[Site "London, Cafe Baroque"]
[Date "1994.03.09"]
[Round "1"]
[White "Mortazavi, Ali"]
[Black "Ledger, Andrew J"]
[Result "1/2-1/2"]
[WhiteElo "2350"]
[BlackElo "2380"]
[PlyCount "33"]
[EventDate "1994.03.09"]
[EventType "tourn"]
[EventRounds "9"]
[EventCountry "ENG"]
[SourceTitle "BritBase"]
[Source "John Saunders"]
[SourceDate "2023.06.01"]
[SourceVersion "1"]
[SourceVersionDate "2023.06.01"]
[SourceQuality "1"]

1. d4 Nf6 2. Bg5 d5 3. Bxf6 gxf6 4. e3 Bf5 5. Bd3 Bg6 6. c4 c6 7. Nc3 e6 8.
Nge2 Nd7 9. h4 Rg8 10. g3 Rc8 11. e4 dxe4 12. Bxe4 Bxe4 13. Nxe4 f5 14. N4c3
Bh6 15. Qb3 Qb6 16. Qc2 Nf6 17. Rd1 1/2-1/2

[Event "Cafe Baroque International 2nd"]
[Site "London, Cafe Baroque"]
[Date "1994.03.09"]
[Round "1"]
[White "Whiteley, Andrew Jonathan"]
[Black "Martin, Benjamin"]
[Result "1-0"]
[WhiteElo "2305"]
[BlackElo "2400"]
[PlyCount "61"]
[EventDate "1994.03.09"]
[EventType "tourn"]
[EventRounds "9"]
[EventCountry "ENG"]
[SourceTitle "BritBase"]
[Source "John Saunders"]
[SourceDate "2023.06.01"]
[SourceVersion "1"]
[SourceVersionDate "2023.06.01"]
[SourceQuality "1"]

1. d4 Nf6 2. c4 e6 3. Nc3 Bb4 4. Qc2 Nc6 5. Nf3 d6 6. Bd2 Qe7 7. a3 Bxc3 8.
Bxc3 a5 9. e4 e5 10. d5 Nb8 11. b4 axb4 12. axb4 Rxa1+ 13. Bxa1 O-O 14. g3 Nh5
15. Bg2 f5 16. O-O f4 17. c5 Na6 18. Bc3 Bd7 19. c6 bxc6 20. dxc6 Be6 21. Ra1
Nb8 22. b5 fxg3 23. hxg3 Bg4 24. Nh2 Qg5 25. Bd2 Qg6 26. Ra7 Be2 27. Be3 Nxg3
28. fxg3 Bxb5 29. Qb3+ Kh8 30. Qxb5 Qxg3 31. Nf1 1-0

[Event "Cafe Baroque International 2nd"]
[Site "London, Cafe Baroque"]
[Date "1994.03.09"]
[Round "2"]
[White "Carton, Niall"]
[Black "Whiteley, Andrew Jonathan"]
[Result "1/2-1/2"]
[WhiteElo "2265"]
[BlackElo "2305"]
[PlyCount "96"]
[EventDate "1994.03.09"]
[EventType "tourn"]
[EventRounds "9"]
[EventCountry "ENG"]
[SourceTitle "BritBase"]
[Source "John Saunders"]
[SourceDate "2023.06.01"]
[SourceVersion "1"]
[SourceVersionDate "2023.06.01"]
[SourceQuality "1"]

1. e4 e6 2. d4 d5 3. Nd2 Nf6 4. e5 Nfd7 5. Bd3 c5 6. c3 Nc6 7. Ndf3 cxd4 8.
cxd4 Nb6 9. Ne2 Bd7 10. O-O Be7 11. Nf4 g6 12. a3 a5 13. Nh3 h6 14. Nf4 Kf8 15.
h4 Kg7 16. h5 g5 17. Ne2 f5 18. exf6+ Bxf6 19. Bc2 Nc4 20. Qd3 Nd6 21. Ng3 Nf5
22. Nxf5+ exf5 23. Re1 Re8 24. Bd2 Qb6 25. Bc3 Qa6 26. Qxa6 Rxa6 27. Rxe8 Bxe8
28. Bxf5 Bxh5 29. g4 Bg6 30. Bd7 Ne7 31. Ne5 Bc2 32. Bb5 Ra8 33. Nd7 Nc6 34.
Nb6 Rd8 35. Rc1 Nxd4 36. Bxd4 Bxd4 37. Rxc2 Bxb6 38. Bd3 Rf8 39. Kg2 Kf6 40.
Re2 Bd4 41. Bf5 Be5 42. Rd2 Rd8 43. Be4 Ke6 44. Kf1 Bf6 45. Bg2 Ke5 46. Ke2 Kf4
47. Rxd5 Re8+ 48. Kf1 Bxb2 1/2-1/2

[Event "Cafe Baroque International 2nd"]
[Site "London, Cafe Baroque"]
[Date "1994.03.09"]
[Round "2"]
[White "Ledger, Andrew J"]
[Black "McMahon, Daire"]
[Result "1-0"]
[WhiteElo "2380"]
[BlackElo "2235"]
[PlyCount "103"]
[EventDate "1994.03.09"]
[EventType "tourn"]
[EventRounds "9"]
[EventCountry "ENG"]
[SourceTitle "BritBase"]
[Source "John Saunders"]
[SourceDate "2023.06.01"]
[SourceVersion "1"]
[SourceVersionDate "2023.06.01"]
[SourceQuality "1"]

1. c4 e6 2. Nf3 Nf6 3. Nc3 d5 4. d4 Bb4 5. Qb3 c5 6. a3 Ba5 7. e3 Nc6 8. cxd5
exd5 9. dxc5 O-O 10. Be2 Ne4 11. O-O Bxc3 12. bxc3 Nxc5 13. Qb5 Qa5 14. c4 dxc4
15. Qxc4 Be6 16. Qh4 Qa4 17. Qxa4 Nxa4 18. Bd2 Rfc8 19. Rfc1 a6 20. Ng5 Bd5 21.
Bg4 Rd8 22. e4 Bb3 23. Be3 Ne5 24. Be2 Rac8 25. Nf3 Nc3 26. Bf1 Nxf3+ 27. gxf3
Be6 28. Bb6 Rd6 29. Ba5 Rdc6 30. Rc2 Na4 31. Rd2 b6 32. Rad1 h6 33. Bb4 a5 34.
Be7 Nc3 35. Rd8+ Kh7 36. Rxc8 Rxc8 37. Rd6 Rb8 38. Bd8 Nb1 39. Rxb6 Rxd8 40.
Rxb1 a4 41. Rb4 Bb3 42. Kg2 Rd6 43. f4 Rd8 44. Bb5 Rb8 45. Kf3 g6 46. Ke3 h5
47. h4 f6 48. e5 Kg7 49. Kd4 fxe5+ 50. fxe5 g5 51. hxg5 h4 52. Bc6 1-0

[Event "Cafe Baroque International 2nd"]
[Site "London, Cafe Baroque"]
[Date "1994.03.09"]
[Round "2"]
[White "McDonald, Neil R"]
[Black "Morris, Philip"]
[Result "1-0"]
[WhiteElo "2390"]
[BlackElo "2390"]
[PlyCount "73"]
[EventDate "1994.03.09"]
[EventType "tourn"]
[EventRounds "9"]
[EventCountry "ENG"]
[SourceTitle "BritBase"]
[Source "John Saunders"]
[SourceDate "2023.06.01"]
[SourceVersion "1"]
[SourceVersionDate "2023.06.01"]
[SourceQuality "1"]

1. e4 e5 2. Nf3 Nc6 3. Bb5 a6 4. Ba4 Nf6 5. O-O Nxe4 6. d4 b5 7. Bb3 d5 8. dxe5
Be6 9. Nbd2 Nc5 10. c3 d4 11. Ng5 Qxg5 12. Qf3 O-O-O 13. Bxe6+ fxe6 14. Qxc6
Qxe5 15. b4 Qd5 16. Qxd5 exd5 17. bxc5 dxc3 18. Nb3 d4 19. Ba3 Be7 20. Bb4 Bf6
21. a4 Kd7 22. axb5 axb5 23. Ra6 c6 24. Rd1 Ke6 25. Rxc6+ Kd5 26. Rxf6 Kc4 27.
Rd6 Rxd6 28. cxd6 Kxb4 29. Nxd4 Kc4 30. d7 b4 31. Nc2 Rd8 32. Rd4+ Kc5 33. Rxb4
Rxd7 34. Rb1 Rd2 35. Ne3 Rb2 36. Rc1 Kd4 37. g3 1-0

[Event "Cafe Baroque International 2nd"]
[Site "London, Cafe Baroque"]
[Date "1994.03.09"]
[Round "2"]
[White "Sahl, Sheila Barth"]
[Black "Martin, Benjamin"]
[Result "0-1"]
[WhiteElo "2080"]
[BlackElo "2400"]
[PlyCount "74"]
[EventDate "1994.03.09"]
[EventType "tourn"]
[EventRounds "9"]
[EventCountry "ENG"]
[SourceTitle "BritBase"]
[Source "John Saunders"]
[SourceDate "2023.06.01"]
[SourceVersion "1"]
[SourceVersionDate "2023.06.01"]
[SourceQuality "1"]

1. d4 Nf6 2. Bg5 d5 3. Bxf6 gxf6 4. c4 c6 5. cxd5 cxd5 6. Nc3 Nc6 7. e3 e6 8.
Nge2 Bd7 9. Nf4 Qb6 10. Qd2 O-O-O 11. a3 Kb8 12. b4 Ne7 13. Nd3 e5 14. Nc5 Bc8
15. a4 Nc6 16. a5 Qc7 17. Nb5 Qe7 18. Be2 Bh6 19. O-O a6 20. dxe5 fxe5 21. Na3
d4 22. Qc2 dxe3 23. Nxa6+ bxa6 24. Qxc6 exf2+ 25. Kh1 Rd6 26. Qc5 Bb7 27. Qxf2
Rg8 28. Rg1 Rf6 29. Qh4 Rxg2 30. Rxg2 Rg6 31. Qh3 Qh4 32. Qxh4 Bxg2+ 33. Kg1
Be3+ 34. Qf2 Bh3+ 35. Kh1 Bxf2 36. Bf3 f5 37. Ra2 Rg1# 0-1

[Event "Cafe Baroque International 2nd"]
[Site "London, Cafe Baroque"]
[Date "1994.03.09"]
[Round "2"]
[White "Summerscale, Aaron P"]
[Black "Mortazavi, Ali"]
[Result "1/2-1/2"]
[WhiteElo "2410"]
[BlackElo "2350"]
[PlyCount "36"]
[EventDate "1994.03.09"]
[EventType "tourn"]
[EventRounds "9"]
[EventCountry "ENG"]
[SourceTitle "BritBase"]
[Source "John Saunders"]
[SourceDate "2023.06.01"]
[SourceVersion "1"]
[SourceVersionDate "2023.06.01"]
[SourceQuality "1"]

1. e4 e5 2. Nf3 d6 3. d4 Nf6 4. Nc3 Nbd7 5. Bc4 Be7 6. O-O O-O 7. Re1 c6 8. a4
b6 9. Ba2 a6 10. Bg5 Bb7 11. dxe5 dxe5 12. Qe2 Qc7 13. Rad1 Rad8 14. h3 Nc5 15.
Rxd8 Rxd8 16. Rd1 h6 17. Bxf6 Bxf6 18. Rxd8+ Qxd8 1/2-1/2

[Event "Cafe Baroque International 2nd"]
[Site "London, Cafe Baroque"]
[Date "1994.03.10"]
[Round "3"]
[White "Martin, Benjamin"]
[Black "Carton, Niall"]
[Result "0-1"]
[WhiteElo "2400"]
[BlackElo "2265"]
[PlyCount "84"]
[EventDate "1994.03.09"]
[EventType "tourn"]
[EventRounds "9"]
[EventCountry "ENG"]
[SourceTitle "BritBase"]
[Source "John Saunders"]
[SourceDate "2023.06.01"]
[SourceVersion "1"]
[SourceVersionDate "2023.06.01"]
[SourceQuality "1"]

1. e4 e6 2. d4 d5 3. Nc3 Bb4 4. e5 c5 5. a3 Bxc3+ 6. bxc3 Ne7 7. Nf3 Bd7 8. a4
Qa5 9. Bd2 c4 10. Ng5 h6 11. Qh5 Rf8 12. Nf3 Nbc6 13. Be2 b5 14. O-O bxa4 15.
Ra3 Rb8 16. Rfa1 Rb2 17. Bd1 Qb5 18. Bc1 Rb1 19. Nd2 Rxa1 20. Rxa1 Qa5 21. Qh3
a6 22. Ba3 Nf5 23. Nf1 Na7 24. g4 Ne7 25. Qe3 Nec6 26. Ng3 Nb5 27. Bc5 Qxc3 28.
Rxa4 a5 29. Kg2 Qxe3 30. fxe3 Rg8 31. Bf3 f6 32. exf6 gxf6 33. Ra1 Kf7 34. Rb1
Rb8 35. Ne2 a4 36. e4 Nc7 37. Rxb8 Nxb8 38. Nc3 Bc6 39. Kf2 dxe4 40. Nxe4 Bxe4
41. Bxe4 Nb5 42. c3 a3 0-1

[Event "Cafe Baroque International 2nd"]
[Site "London, Cafe Baroque"]
[Date "1994.03.10"]
[Round "3"]
[White "McMahon, Daire"]
[Black "Summerscale, Aaron P"]
[Result "0-1"]
[WhiteElo "2235"]
[BlackElo "2410"]
[PlyCount "70"]
[EventDate "1994.03.09"]
[EventType "tourn"]
[EventRounds "9"]
[EventCountry "ENG"]
[SourceTitle "BritBase"]
[Source "John Saunders"]
[SourceDate "2023.06.01"]
[SourceVersion "1"]
[SourceVersionDate "2023.06.01"]
[SourceQuality "1"]

1. d4 d5 2. g3 c5 3. dxc5 e6 4. Bg2 Bxc5 5. Nf3 Nc6 6. O-O Nf6 7. a3 a5 8. c4
d4 9. Nbd2 e5 10. Qc2 Bg4 11. Ne4 Nxe4 12. Qxe4 f5 13. Qd5 Qxd5 14. cxd5 Bxf3
15. Bxf3 Ne7 16. e4 dxe3 17. Bxe3 Bxe3 18. fxe3 e4 19. Be2 Kd7 20. d6 Kxd6 21.
Rfd1+ Kc7 22. Rac1+ Nc6 23. Rd5 g6 24. b4 axb4 25. axb4 Rhd8 26. Rdc5 Kb6 27.
Rb5+ Ka7 28. Ra1+ Kb8 29. Rc1 Ra2 30. Bf1 Rd6 31. g4 f4 32. Bc4 Rad2 33. exf4
Nd4 34. Rc5 e3 35. Kf1 Rf2+ 0-1

[Event "Cafe Baroque International 2nd"]
[Site "London, Cafe Baroque"]
[Date "1994.03.10"]
[Round "3"]
[White "Morris, Philip"]
[Black "Sahl, Sheila Barth"]
[Result "1-0"]
[WhiteElo "2390"]
[BlackElo "2080"]
[PlyCount "119"]
[EventDate "1994.03.09"]
[EventType "tourn"]
[EventRounds "9"]
[EventCountry "ENG"]
[SourceTitle "BritBase"]
[Source "John Saunders"]
[SourceDate "2023.06.01"]
[SourceVersion "1"]
[SourceVersionDate "2023.06.01"]
[SourceQuality "1"]

1. e4 e6 2. d4 d5 3. e5 c5 4. c3 Nc6 5. Nf3 Nge7 6. Na3 cxd4 7. cxd4 Nf5 8. Nc2
Be7 9. Bd3 O-O 10. g4 Nh4 11. Nxh4 Bxh4 12. g5 Bxg5 13. Qh5 h6 14. Rg1 Bxc1 15.
Rxc1 f5 16. Qxh6 Qe7 17. Ke2 Qc7 18. f4 Rf7 19. Ke3 Bd7 20. Rcf1 Ne7 21. h4 g6
22. h5 Be8 23. Rf3 Rg7 24. Rfg3 Rc8 25. hxg6 a6 26. Na1 Bb5 27. Bxb5 axb5 28.
Rh3 Kf8 29. Qg5 Ng8 30. Rh8 Qe7 31. Qxe7+ Rxe7 32. Kd3 Rec7 33. Nb3 b6 34. Rh7
b4 35. Nd2 Rg7 36. Nf3 Rc6 37. Rg2 Rcc7 38. Ng5 Rc6 39. Rxg7 Kxg7 40. Rc2 Rxc2
41. Nxe6+ Kxg6 42. Kxc2 Ne7 43. Kb3 Nc6 44. Ka4 Kf7 45. Nc7 Nxd4 46. Nxd5 Ke6
47. Nxb4 Ne2 48. Nd3 Kd5 49. e6 Kxe6 50. Kb5 Kd5 51. Kxb6 Kc4 52. a4 Kxd3 53.
a5 Nxf4 54. a6 Nd5+ 55. Kb7 f4 56. a7 f3 57. a8=Q f2 58. Qa6+ Ke3 59. Qe6+ Kd4
60. Qf5 1-0

[Event "Cafe Baroque International 2nd"]
[Site "London, Cafe Baroque"]
[Date "1994.03.10"]
[Round "4"]
[White "Ledger, Andrew J"]
[Black "Martin, Benjamin"]
[Result "1/2-1/2"]
[WhiteElo "2380"]
[BlackElo "2400"]
[PlyCount "43"]
[EventDate "1994.03.09"]
[EventType "tourn"]
[EventRounds "9"]
[EventCountry "ENG"]
[SourceTitle "BritBase"]
[Source "John Saunders"]
[SourceDate "2023.06.01"]
[SourceVersion "1"]
[SourceVersionDate "2023.06.01"]
[SourceQuality "1"]

1. c4 Nf6 2. Nc3 e6 3. Nf3 Bb4 4. Qb3 c5 5. a3 Ba5 6. g3 Nc6 7. Bg2 O-O 8. O-O
a6 9. Rd1 Nd4 10. Nxd4 cxd4 11. Ne4 Nxe4 12. Bxe4 f5 13. Bg2 d6 14. e3 Bb6 15.
Qc2 Qc7 16. b4 Bd7 17. Bb2 dxe3 18. dxe3 Bc6 19. Bxc6 Qxc6 20. Rd3 Rf7 21. Rd2
Bc7 22. Rc1 1/2-1/2

[Event "Cafe Baroque International 2nd"]
[Site "London, Cafe Baroque"]
[Date "1994.03.10"]
[Round "4"]
[White "McDonald, Neil R"]
[Black "McMahon, Daire"]
[Result "1-0"]
[WhiteElo "2390"]
[BlackElo "2235"]
[PlyCount "37"]
[EventDate "1994.03.09"]
[EventType "tourn"]
[EventRounds "9"]
[EventCountry "ENG"]
[SourceTitle "BritBase"]
[Source "John Saunders"]
[SourceDate "2023.06.01"]
[SourceVersion "1"]
[SourceVersionDate "2023.06.01"]
[SourceQuality "1"]

1. e4 e5 2. Nf3 Nc6 3. Bb5 Nf6 4. O-O Bc5 5. Nxe5 Nxe5 6. d4 a6 7. Be2 Ba7 8.
dxe5 Nxe4 9. Nc3 Nxc3 10. bxc3 O-O 11. Bf4 f6 12. Bc4+ Kh8 13. Qh5 d5 14. exd6
cxd6 15. Rad1 Bc5 16. Rfe1 Qb6 17. Kh1 Bd7 18. Re7 Be8 19. Bh6 1-0

[Event "Cafe Baroque International 2nd"]
[Site "London, Cafe Baroque"]
[Date "1994.03.10"]
[Round "4"]
[White "Morris, Philip"]
[Black "Mortazavi, Ali"]
[Result "1/2-1/2"]
[WhiteElo "2390"]
[BlackElo "2350"]
[PlyCount "62"]
[EventDate "1994.03.09"]
[EventType "tourn"]
[EventRounds "9"]
[EventCountry "ENG"]
[SourceTitle "BritBase"]
[Source "John Saunders"]
[SourceDate "2023.06.01"]
[SourceVersion "1"]
[SourceVersionDate "2023.06.01"]
[SourceQuality "1"]

1. e4 c5 2. Nf3 e6 3. d4 cxd4 4. Nxd4 a6 5. Bd3 Qc7 6. O-O Nf6 7. c4 Nc6 8.
Nxc6 dxc6 9. f4 e5 10. Kh1 Bc5 11. Nc3 Ng4 12. Qf3 Qd8 13. h3 Nf2+ 14. Kh2 Bg4
15. Qg3 exf4 16. Bxf4 Qxd3 17. hxg4 Qxg3+ 18. Kxg3 Nd3 19. Na4 Ba7 20. Bd6 b5
21. cxb5 axb5 22. Rf3 Bf2+ 23. Kh3 Rxa4 24. Rxd3 Rxe4 25. g3 h5 26. g5 Rd4 27.
Rad1 Rxd3 28. Rxd3 f6 29. gxf6 gxf6 30. Kh4 Kf7 31. Bf4 Re8 1/2-1/2

[Event "Cafe Baroque International 2nd"]
[Site "London, Cafe Baroque"]
[Date "1994.03.10"]
[Round "4"]
[White "Sahl, Sheila Barth"]
[Black "Carton, Niall"]
[Result "1/2-1/2"]
[WhiteElo "2080"]
[BlackElo "2265"]
[PlyCount "67"]
[EventDate "1994.03.09"]
[EventType "tourn"]
[EventRounds "9"]
[EventCountry "ENG"]
[SourceTitle "BritBase"]
[Source "John Saunders"]
[SourceDate "2023.06.01"]
[SourceVersion "1"]
[SourceVersionDate "2023.06.01"]
[SourceQuality "1"]

1. d4 e6 2. c4 Nf6 3. Nc3 Bb4 4. f3 d5 5. a3 Bxc3+ 6. bxc3 c5 7. e3 Nc6 8. cxd5
exd5 9. Bd3 Nh5 10. Ne2 f5 11. O-O O-O 12. Rb1 cxd4 13. exd4 Qd6 14. Qc2 Kh8
15. f4 b6 16. Rf3 Be6 17. Rh3 g6 18. c4 Rac8 19. c5 Qc7 20. cxb6 axb6 21. Ba6
Rb8 22. Rc3 Bd7 23. Bb5 Rf6 24. Bd2 Rd6 25. Rc1 Rc8 26. Qa4 Nf6 27. R3c2 Qb7
28. Ba6 Qa7 29. Bb5 Qb7 30. Ba6 Qa7 31. Bb5 Qxa4 32. Bxa4 Kg7 33. Bxc6 Rdxc6
34. Rxc6 1/2-1/2

[Event "Cafe Baroque International 2nd"]
[Site "London, Cafe Baroque"]
[Date "1994.03.10"]
[Round "4"]
[White "Summerscale, Aaron P"]
[Black "Whiteley, Andrew Jonathan"]
[Result "1/2-1/2"]
[WhiteElo "2410"]
[BlackElo "2305"]
[PlyCount "22"]
[EventDate "1994.03.09"]
[EventType "tourn"]
[EventRounds "9"]
[EventCountry "ENG"]
[SourceTitle "BritBase"]
[Source "John Saunders"]
[SourceDate "2023.06.01"]
[SourceVersion "1"]
[SourceVersionDate "2023.06.01"]
[SourceQuality "1"]

1. e4 e6 2. d4 d5 3. exd5 exd5 4. Bd3 Bd6 5. Nc3 Nf6 6. Nf3 Nc6 7. O-O O-O 8.
Ne2 Ne7 9. Bf4 Bxf4 10. Nxf4 Bf5 11. Bxf5 Nxf5 1/2-1/2

[Event "Cafe Baroque International 2nd"]
[Site "London, Cafe Baroque"]
[Date "1994.03.11"]
[Round "5"]
[White "Carton, Niall"]
[Black "Ledger, Andrew J"]
[Result "0-1"]
[WhiteElo "2265"]
[BlackElo "2380"]
[PlyCount "96"]
[EventDate "1994.03.09"]
[EventType "tourn"]
[EventRounds "9"]
[EventCountry "ENG"]
[SourceTitle "BritBase"]
[Source "John Saunders"]
[SourceDate "2023.06.01"]
[SourceVersion "1"]
[SourceVersionDate "2023.06.01"]
[SourceQuality "1"]

1. e4 c6 2. d4 d5 3. exd5 cxd5 4. Bd3 Nc6 5. c3 g6 6. Ne2 Nh6 7. Ng3 Bg7 8. f4
Nf5 9. Bxf5 Bxf5 10. Nxf5 gxf5 11. O-O e6 12. Nd2 O-O 13. Nf3 Ne7 14. Ne5 Nc8
15. Qh5 f6 16. Nd3 Nd6 17. Rf3 Qe8 18. Qh4 Rc8 19. Rh3 h6 20. Be3 Kh7 21. Kh1
Rg8 22. Rg1 Qf7 23. Bc1 Bf8 24. Nf2 Rg6 25. b3 Be7 26. Qh5 Rcg8 27. Re3 Qg7 28.
g3 Ne4 29. Nxe4 fxe4 30. c4 dxc4 31. bxc4 f5 32. Rd1 Rd8 33. Rb3 b6 34. Be3 Qf7
35. Rb5 Bf6 36. d5 Qd7 37. Rd2 Qc7 38. Qe2 e5 39. d6 Rxd6 40. fxe5 Bxe5 41. Rc2
Rd3 42. c5 Qb8 43. c6 f4 44. Rxe5 Qxe5 45. c7 Rxe3 46. Qxe3 fxe3 47. c8=Q Rg7
48. Kg2 Qf6 0-1

[Event "Cafe Baroque International 2nd"]
[Site "London, Cafe Baroque"]
[Date "1994.03.11"]
[Round "5"]
[White "Martin, Benjamin"]
[Black "Summerscale, Aaron P"]
[Result "1/2-1/2"]
[WhiteElo "2400"]
[BlackElo "2410"]
[PlyCount "58"]
[EventDate "1994.03.09"]
[EventType "tourn"]
[EventRounds "9"]
[EventCountry "ENG"]
[SourceTitle "BritBase"]
[Source "John Saunders"]
[SourceDate "2023.06.01"]
[SourceVersion "1"]
[SourceVersionDate "2023.06.01"]
[SourceQuality "1"]

1. e4 c5 2. Nf3 d6 3. d4 cxd4 4. Nxd4 Nf6 5. Nc3 a6 6. a4 Nc6 7. Nxc6 bxc6 8.
Bc4 e6 9. O-O d5 10. Bd3 Be7 11. b3 O-O 12. Bb2 Nd7 13. Re1 Bf6 14. Qe2 Ne5 15.
Rad1 Qb6 16. exd5 Nxd3 17. Rxd3 exd5 18. Ba3 Bf5 19. Bxf8 Bxd3 20. Qxd3 Rxf8
21. Nd1 g6 22. Kf1 a5 23. g3 Qc5 24. Re2 Rb8 25. Qf3 Kg7 26. Ne3 h5 27. Ng2 Rb4
28. Nf4 Rd4 29. Kg2 Qd6 1/2-1/2

[Event "Cafe Baroque International 2nd"]
[Site "London, Cafe Baroque"]
[Date "1994.03.11"]
[Round "5"]
[White "McMahon, Daire"]
[Black "Morris, Philip"]
[Result "1/2-1/2"]
[WhiteElo "2235"]
[BlackElo "2390"]
[PlyCount "89"]
[EventDate "1994.03.09"]
[EventType "tourn"]
[EventRounds "9"]
[EventCountry "ENG"]
[SourceTitle "BritBase"]
[Source "John Saunders"]
[SourceDate "2023.06.01"]
[SourceVersion "1"]
[SourceVersionDate "2023.06.01"]
[SourceQuality "1"]

1. d4 Nf6 2. c4 g6 3. Nc3 d5 4. Nf3 Bg7 5. cxd5 Nxd5 6. Qb3 Nxc3 7. bxc3 O-O 8.
Ba3 Nd7 9. e3 c5 10. Be2 Qc7 11. O-O b6 12. Bb2 Bb7 13. d5 Rae8 14. Rad1 e6 15.
c4 e5 16. e4 h6 17. Bd3 Qd6 18. Qc2 Bc8 19. g3 Nb8 20. Nh4 Bh3 21. Rfe1 Na6 22.
Bf1 Bd7 23. a3 Kh7 24. Bd3 Nc7 25. Rf1 Bh3 26. Ng2 f5 27. f4 Bxg2 28. Kxg2 fxe4
29. Bxe4 exf4 30. Bxg7 Kxg7 31. Rxf4 Rxf4 32. gxf4 Qxf4 33. Bf3 Qd6 34. Qc3+
Kh7 35. Qd3 Re5 36. Kh1 Ne8 37. Be4 Ng7 38. Rf1 Rh5 39. Rf2 Nf5 40. Bxf5 gxf5
41. Qf3 Rg5 42. h4 Rg6 43. Qxf5 Qg3 44. Qf7+ Rg7 45. Qf5+ 1/2-1/2

[Event "Cafe Baroque International 2nd"]
[Site "London, Cafe Baroque"]
[Date "1994.03.11"]
[Round "5"]
[White "Mortazavi, Ali"]
[Black "Sahl, Sheila Barth"]
[Result "1-0"]
[WhiteElo "2350"]
[BlackElo "2080"]
[PlyCount "51"]
[EventDate "1994.03.09"]
[EventType "tourn"]
[EventRounds "9"]
[EventCountry "ENG"]
[SourceTitle "BritBase"]
[Source "John Saunders"]
[SourceDate "2023.06.01"]
[SourceVersion "1"]
[SourceVersionDate "2023.06.01"]
[SourceQuality "1"]

1. e4 e6 2. d4 d5 3. Nd2 Nf6 4. e5 Nfd7 5. Bd3 c5 6. c3 Nc6 7. Ne2 Be7 8. Nf3
O-O 9. Nf4 cxd4 10. cxd4 Qb6 11. h4 h6 12. Bb1 Nd8 13. g4 f5 14. gxf5 exf5 15.
Nxd5 Bb4+ 16. Bd2 Bxd2+ 17. Qxd2 Qe6 18. a3 Kh8 19. Ba2 Qg6 20. Nf4 Qa6 21. Rg1
Re8 22. Rg6 Nc6 23. O-O-O Nf8 24. Rxg7 Nxd4 25. Rg8+ Kh7 26. Nxd4 1-0